[Event "Calgary 14th"]
[Site "Calgary"]
[Date "2023.12.30"]
[Round "9"]
[White "Srinivasan, Hemant"]
[Black "Haessel, Dale R"]
[Result "0-1"]
[WhiteElo "2020"]
[BlackElo "2004"]
[PlyCount "46"]
[EventDate "2023.12.26"]
[EventType "swiss"]
[EventRounds "9"]
[EventCountry "CAN"]
[SourceTitle "CB02_2024"]
[SourceDate "2024.01.10"]
[SourceVersion "1"]
[SourceVersionDate "2024.01.10"]
[SourceQuality "1"]

1. d4 d5 2. c4 e6 3. Nc3 a6 4. cxd5 exd5 5. Nf3 Nf6 6. Bg5 Be6 7. Qb3 Nbd7 8. Qxb7 Rb8 9. Qxa6 Rxb2 10. Bc1 Qb8 11. Qd3 Ne4 12. Nxe4 dxe4 13. Qxe4 Bb4+ 14. Kd1 Nf6 15. Qd3 Ng4 16. Be3 Qa8 17. a4 Qc6 18. d5 Nxe3+ 19. fxe3 Bxd5 20. Nd4 Qd6 21. Nf3 Rb3 22. Qd4 Bc3 23. Qf4 Bxa1 0-1

[Event "Canadian op"]
[Site "Calgary"]
[Date "2023.07.29"]
[Round "9"]
[White "Haessel, Dale R"]
[Black "He, Matthew"]
[Result "1-0"]
[WhiteElo "2039"]
[BlackElo "1861"]
[PlyCount "75"]
[EventDate "2023.07.22"]
[EventType "swiss"]
[EventRounds "10"]
[EventCountry "CAN"]
[SourceTitle "EXT 2024"]
[Source "ChessBase"]
[SourceDate "2023.10.10"]
[SourceVersion "1"]
[SourceVersionDate "2023.10.10"]
[SourceQuality "1"]

1. d4 Nf6 2. c4 e6 3. Nc3 Bb4 4. f3 c5 5. d5 0-0 6. e4 b5 7. Bd2 bxc4 8. Bxc4 Bb7 9. Nge2 Bxc3 10. Bxc3 Nxd5 11. Bxd5 exd5 12. exd5 Qg5 13. d6 Qh4+ 14. Ng3 Re8+ 15. Kf2 Nc6 16. Qd5 Nb4 17. Qxb7 Rab8 18. Qxd7 Nd3+ 19. Kg1 Qg5 20. Nf1 h5 21. h4 Qg6 22. Kh2 Re2 23. Ng3 Rxg2+ 24. Kxg2 Nf4+ 25. Kh2 Qc2+ 26. Ne2 Nxe2 27. Rhg1 Nxg1+ 28. Kxg1 Qg6+ 29. Kh2 Qc2+ 30. Kh3 Qd3 31. Kg3 Qg6+ 32. Kf2 Qc2+ 33. Ke3 Qh2 34. Qe7 Rxb2 35. Bxb2 Qxb2 36. Rd1 Qa3+ 37. Kf2 Qxa2+ 38. Qe2 1-0

[Event "Canadian op"]
[Site "Calgary"]
[Date "2023.07.28"]
[Round "8"]
[White "Wang, Andy Zixin"]
[Black "Haessel, Dale R"]
[Result "0-1"]
[WhiteElo "1653"]
[BlackElo "2039"]
[PlyCount "92"]
[EventDate "2023.07.22"]
[EventType "swiss"]
[EventRounds "10"]
[EventCountry "CAN"]
[SourceTitle "EXT 2024"]
[Source "ChessBase"]
[SourceDate "2023.10.10"]
[SourceVersion "1"]
[SourceVersionDate "2023.10.10"]
[SourceQuality "1"]

1. e4 e5 2. Nf3 Nc6 3. Bb5 a6 4. Ba4 Nf6 5. d3 d6 6. c3 g6 7. Nbd2 Bg7 8. 0-0 0-0 9. Re1 Nd7 10. Nf1 Nc5 11. Bc2 Ne6 12. Ng3 Nf4 13. d4 Qf6 14. d5 Ne7 15. Bxf4 Qxf4 16. c4 Bg4 17. Re3 h5 18. h3 Bd7 19. h4 Bg4 20. b4 a5 21. Qe1 axb4 22. Qxb4 b6 23. Nd2 Bd7 24. Nf3 Bg4 25. Nd2 Bh6 26. Nf3 Bxf3 27. Rxf3 Qxh4 28. a4 Ra5 29. Raa3 Kg7 30. Qb1 Ng8 31. Rf5 Kh8 32. Rff3 Nf6 33. Nf1 Ng4 34. Qe1 Kg7 35. Rh3 Qe7 36. Ng3 Bf4 37. Bd1 Qg5 38. Rh1 Bd2 39. Qe2 Bb4 40. Rb3 Rxa4 41. Rb1 Bc5 42. Bxa4 Nxf2 43. Nxh5+ gxh5 44. Rxh5 Nxe4+ 45. Kh2 Qf4+ 46. Kh1 Ng3+ 0-1

[Event "Canadian op"]
[Site "Calgary"]
[Date "2023.07.23"]
[Round "3"]
[White "Haessel, Dale R"]
[Black "Han, Johnathan"]
[Result "0-1"]
[WhiteElo "2039"]
[BlackElo "2229"]
[PlyCount "46"]
[EventDate "2023.07.22"]
[EventType "swiss"]
[EventRounds "10"]
[EventCountry "CAN"]
[SourceTitle "EXT 2024"]
[Source "ChessBase"]
[SourceDate "2023.10.10"]
[SourceVersion "1"]
[SourceVersionDate "2023.10.10"]
[SourceQuality "1"]

1. d4 Nf6 2. c4 e6 3. Nc3 Bb4 4. f3 c5 5. d5 0-0 6. e4 d6 7. Be3 b5 8. Kf2 a6 9. a4 bxc4 10. Bxc4 Qe7 11. Nge2 Nbd7 12. b3 Ne5 13. h3 Rb8 14. Qc2 Nfd7 15. Rhd1 Nb6 16. Na2 exd5 17. Nxb4 dxc4 18. Na2 cxb3 19. Qxb3 Be6 20. Qc2 Nbc4 21. Bf4 Rb2 22. Qc1 Qh4+ 23. Kf1 Bxh3 0-1

[Event "Canadian op"]
[Site "Calgary"]
[Date "2023.07.23"]
[Round "2"]
[White "Sazon, Omar"]
[Black "Haessel, Dale R"]
[Result "0-1"]
[WhiteElo "1561"]
[BlackElo "2039"]
[PlyCount "52"]
[EventDate "2023.07.22"]
[EventType "swiss"]
[EventRounds "10"]
[EventCountry "CAN"]
[SourceTitle "EXT 2024"]
[Source "ChessBase"]
[SourceDate "2023.10.10"]
[SourceVersion "1"]
[SourceVersionDate "2023.10.10"]
[SourceQuality "1"]

1. Nf3 d5 2. g3 c5 3. Bg2 Nf6 4. 0-0 g6 5. c4 Bg7 6. Qa4+ Qd7 7. Qb3 Nc6 8. cxd5 Nxd5 9. Ng5 e6 10. Nc3 Nde7 11. Nf3 b6 12. Rd1 Bb7 13. d4 cxd4 14. Bf4 0-0 15. Qa4 Rad8 16. Rac1 e5 17. Bg5 f6 18. Qc4+ Kh8 19. Bh4 Qf5 20. g4 Qxg4 21. Bg3 Bh6 22. Rb1 Qf5 23. Nh4 Qc8 24. Nb5 a6 25. Na7 Nxa7 26. Qxc8 Bxc8 0-1

[Event "Banff op"]
[Site "Banff"]
[Date "2021.11.13"]
[Round "4"]
[White "Wu, Jonathan"]
[Black "Haessel, Dale R"]
[Result "0-1"]
[WhiteElo "1453"]
[BlackElo "2115"]
[PlyCount "56"]
[EventDate "2021.11.12"]
[EventType "swiss"]
[EventRounds "6"]
[EventCountry "CAN"]
[SourceTitle "CBM 205 Extra"]
[Source "ChessBase"]
[SourceDate "2022.01.31"]
[SourceVersion "1"]
[SourceVersionDate "2022.01.31"]
[SourceQuality "1"]

1. e4 e5 2. Nf3 Nc6 3. d4 exd4 4. Nxd4 Bc5 5. Nb3 Bb6 6. Nc3 Nge7 7. Qe2 0-0 8. Be3 d6 9. f3 Be6 10. Bxb6 axb6 11. Qd2 d5 12. exd5 Nxd5 13. 0-0-0 Nxc3 14. Qxc3 Qe7 15. Kb1 Nb4 16. a3 Nd5 17. Qe5 c6 18. Nd4 Nc3+ 19. Kc1 Nxd1 20. Nxe6 f6 21. Qd4 Nf2 22. Rg1 Rad8 23. Qxf2 Qxe6 24. Bd3 b5 25. Kb1 Rfe8 26. Qh4 g6 27. g4 Qe3 28. Rg3 Rxd3 0-1

[Event "Titled Tuesday intern op 06th July"]
[Site "Chess.com INT"]
[Date "2021.07.06"]
[Round "1"]
[White "Haessel, Dale R"]
[Black "Devaev, Alexander"]
[Result "0-1"]
[WhiteElo "2133"]
[BlackElo "2325"]
[PlyCount "48"]
[EventDate "2021.07.06"]
[EventType "swiss (blitz)"]
[EventRounds "11"]
[EventCountry "USA"]
[SourceTitle "EXT 2022"]
[Source "ChessBase"]
[SourceDate "2021.10.06"]
[SourceVersion "1"]
[SourceVersionDate "2021.10.06"]
[SourceQuality "1"]

1. d4 Nf6 2. c4 e6 3. Nc3 Bb4 4. e3 c5 5. Bd3 cxd4 6. exd4 d5 7. a3 Bxc3+ 8. bxc3 dxc4 9. Bxc4 0-0 10. Ne2 b6 11. 0-0 Bb7 12. Bg5 Nc6 13. Bd3 Ne7 14. Ng3 Qd5 15. Ne4 Nxe4 16. Bxe4 Qxe4 17. f3 Qc6 18. Bxe7 Rfe8 19. Bh4 Qxc3 20. Rc1 Qxa3 21. Rc7 Ba6 22. Re1 Qd6 23. Qc2 Rac8 24. Bg3 Rxc7 0-1

[Event "Titled Tuesday intern op 15th June"]
[Site "Chess.com INT"]
[Date "2021.06.15"]
[Round "2"]
[White "Haessel, Dale R"]
[Black "Arvind, C Jayaraman"]
[Result "0-1"]
[WhiteElo "2133"]
[BlackElo "2124"]
[PlyCount "52"]
[EventDate "2021.06.15"]
[EventType "swiss (blitz)"]
[EventRounds "11"]
[EventCountry "USA"]
[SourceTitle "CBM 203 Extra"]
[Source "ChessBase"]
[SourceDate "2021.09.30"]
[SourceVersion "1"]
[SourceVersionDate "2021.09.30"]
[SourceQuality "1"]

1. d4 Nf6 2. c4 e6 3. Nc3 Bb4 4. e3 0-0 5. Bd3 d5 6. cxd5 exd5 7. Nge2 c6 8. 0-0 Bd6 9. f3 Re8 10. e4 dxe4 11. fxe4 c5 12. e5 cxd4 13. exf6 dxc3 14. fxg7 Bg4 15. Qb3 Qc7 16. Bf4 cxb2 17. Rab1 Bxf4 18. Nxf4 Nc6 19. Nd5 Be6 20. Nf6+ Kxg7 21. Qxb2 Qe5 22. Nxe8+ Rxe8 23. Qxe5+ Nxe5 24. Be4 b6 25. a4 Nc4 26. Rbd1 Ne3 0-1

[Event "Titled Tuesday intern op 15th June"]
[Site "Chess.com INT"]
[Date "2021.06.15"]
[Round "9"]
[White "Haessel, Dale R"]
[Black "Pacheco Lugo, Alejandro Jose"]
[Result "0-1"]
[WhiteElo "2133"]
[BlackElo "2127"]
[PlyCount "48"]
[EventDate "2021.06.15"]
[EventType "swiss (blitz)"]
[EventRounds "11"]
[EventCountry "USA"]
[SourceTitle "CBM 203 Extra"]
[Source "ChessBase"]
[SourceDate "2021.09.30"]
[SourceVersion "1"]
[SourceVersionDate "2021.09.30"]
[SourceQuality "1"]

1. d4 Nf6 2. c4 e6 3. Nc3 Bb4 4. e3 0-0 5. Bd3 b6 6. Nf3 Bb7 7. 0-0 d5 8. cxd5 exd5 9. a3 Bd6 10. b4 a6 11. Bd2 Nbd7 12. Rc1 Re8 13. Qb3 Qe7 14. Rfe1 Nf8 15. Rc2 Ng6 16. Ne2 Ne4 17. Bc1 Nh4 18. Nxh4 Bxh2+ 19. Kf1 Qxh4 20. Bxe4 dxe4 21. Nc3 Bd6 22. Nd5 Qh1+ 23. Ke2 Qh5+ 24. Kf1 Bxd5 0-1

[Event "Titled Tuesday intern op 01st June"]
[Site "Chess.com INT"]
[Date "2021.06.01"]
[Round "6"]
[White "Haessel, Dale R"]
[Black "Christensen, Thomas1111"]
[Result "0-1"]
[WhiteElo "2133"]
[BlackElo "2154"]
[PlyCount "46"]
[EventDate "2021.06.01"]
[EventType "swiss (blitz)"]
[EventRounds "11"]
[EventCountry "USA"]
[SourceTitle "CBM 202 Extra"]
[Source "ChessBase"]
[SourceDate "2021.07.31"]
[SourceVersion "1"]
[SourceVersionDate "2021.07.31"]
[SourceQuality "1"]

1. d4 Nc6 2. d5 Ne5 3. f4 Ng6 4. e4 e5 5. Ne2 exf4 6. Nxf4 Bd6 7. Nd3 Qh4+ 8. Nf2 Ne5 9. g3 Qe7 10. Bg2 Bc5 11. 0-0 d6 12. Kh1 Nf6 13. c4 Nfg4 14. Nxg4 Bxg4 15. Qc2 0-0 16. Nc3 Nxc4 17. Na4 Ne3 18. Bxe3 Bxe3 19. Qd3 Bg5 20. Nc3 Bf6 21. Rae1 Be5 22. h3 Bd7 23. g4 Qh4 0-1

[Event "Titled Tuesday intern op 25th May"]
[Site "Chess.com INT"]
[Date "2021.05.25"]
[Round "10"]
[White "Haessel, Dale R"]
[Black "Kaiyrbekov, Rustam"]
[Result "1-0"]
[WhiteElo "2133"]
[BlackElo "2338"]
[PlyCount "77"]
[EventDate "2021.05.25"]
[EventType "swiss (blitz)"]
[EventRounds "11"]
[EventCountry "USA"]
[SourceTitle "CBM 203 Extra"]
[Source "ChessBase"]
[SourceDate "2021.09.30"]
[SourceVersion "1"]
[SourceVersionDate "2021.09.30"]
[SourceQuality "1"]

1. d4 Nf6 2. c4 e5 3. dxe5 Ng4 4. e3 Nxe5 5. Nh3 d6 6. Nf4 Nbc6 7. Nc3 Be7 8. Be2 f5 9. b3 Bf6 10. Bb2 0-0 11. 0-0 Ng6 12. Nfd5 Be5 13. g3 f4 14. exf4 Nxf4 15. gxf4 Rxf4 16. Nxf4 Bxf4 17. Ne4 Qh4 18. Ng3 Bh3 19. Re1 Rf8 20. Qd5+ Kh8 21. Bf1 Bg4 22. Bg2 Ne5 23. Bxe5 dxe5 24. Rad1 Bh3 25. Bxh3 Qxh3 26. Qg2 Qg4 27. Ne4 Qf5 28. Rd5 c6 29. Rd6 Bh6 30. Red1 Bf4 31. Rd8 h6 32. R1d7 g5 33. Rxf8+ Qxf8 34. Qh3 Kg8 35. Qe6+ Kh8 36. Qg6 Bxh2+ 37. Kf1 Qg8 38. Qf6+ Qg7 39. Qxg7# 1-0

[Event "Titled Tuesday intern op 18th May"]
[Site "Chess.com INT"]
[Date "2021.05.18"]
[Round "4"]
[White "Langner, Ladislav"]
[Black "Haessel, Dale R"]
[Result "1-0"]
[WhiteElo "2380"]
[BlackElo "2133"]
[PlyCount "33"]
[EventDate "2021.05.18"]
[EventType "swiss (blitz)"]
[EventRounds "11"]
[EventCountry "USA"]
[SourceTitle "CBM 202 Extra"]
[Source "ChessBase"]
[SourceDate "2021.07.31"]
[SourceVersion "1"]
[SourceVersionDate "2021.07.31"]
[SourceQuality "1"]

1. e4 e5 2. Bc4 Nf6 3. d3 Nc6 4. Nf3 Bc5 5. c3 d6 6. a4 a6 7. Nbd2 Be6 8. 0-0 0-0 9. Re1 Re8 10. Nf1 Bxc4 11. dxc4 h6 12. Ng3 Ne7 13. Nh4 Kh7 14. Qf3 Rf8 15. h3 Qd7 16. Bd2 g6 17. Qxf6 1-0

[Event "Titled Tuesday intern op 18th May"]
[Site "Chess.com INT"]
[Date "2021.05.18"]
[Round "7"]
[White "Terletsky, Oleg"]
[Black "Haessel, Dale R"]
[Result "1-0"]
[WhiteElo "2203"]
[BlackElo "2133"]
[PlyCount "65"]
[EventDate "2021.05.18"]
[EventType "swiss (blitz)"]
[EventRounds "11"]
[EventCountry "USA"]
[SourceTitle "CBM 202 Extra"]
[Source "ChessBase"]
[SourceDate "2021.07.31"]
[SourceVersion "1"]
[SourceVersionDate "2021.07.31"]
[SourceQuality "1"]

1. e4 e5 2. Nf3 Nc6 3. Nc3 Nf6 4. d4 exd4 5. Nxd4 Bb4 6. Nxc6 bxc6 7. Bd3 0-0 8. 0-0 Re8 9. Qf3 d5 10. exd5 cxd5 11. Bg5 c6 12. Bxf6 Qxf6 13. Qxf6 gxf6 14. Ne2 Bd7 15. c3 Bd6 16. Nd4 Rab8 17. Rab1 Re5 18. Rfd1 c5 19. Nf3 Re7 20. h3 Ba4 21. b3 Bd7 22. Nh4 Rbe8 23. Nf5 Bxf5 24. Bxf5 Re2 25. a4 Be5 26. Rd3 d4 27. c4 a5 28. Bg4 Ra2 29. g3 Bc7 30. Kg2 Re5 31. Bf3 Kg7 32. Rf1 Rb2 33. Bd5 1-0

[Event "Titled Tuesday intern op 11th May"]
[Site "Chess.com INT"]
[Date "2021.05.11"]
[Round "1"]
[White "Klenburg, Mikhail"]
[Black "Haessel, Dale R"]
[Result "1-0"]
[WhiteElo "2350"]
[BlackElo "2133"]
[PlyCount "39"]
[EventDate "2021.05.11"]
[EventType "swiss (blitz)"]
[EventRounds "11"]
[EventCountry "USA"]
[SourceTitle "CBM 202 Extra"]
[Source "ChessBase"]
[SourceDate "2021.07.31"]
[SourceVersion "1"]
[SourceVersionDate "2021.07.31"]
[SourceQuality "1"]

1. e4 e5 2. Nf3 Nc6 3. Bb5 Nf6 4. d3 d6 5. c3 g6 6. Nbd2 Bg7 7. Nf1 0-0 8. Bg5 h6 9. Bh4 a6 10. Ba4 b5 11. Bc2 d5 12. Qe2 Be6 13. Bb3 dxe4 14. dxe4 Qe7 15. Bxf6 Bxf6 16. Ne3 Rfd8 17. Nd5 Bxd5 18. Bxd5 Qc5 19. 0-0 Rab8 20. Rad1 1-0

[Event "Titled Tuesday intern op 04th May"]
[Site "Chess.com INT"]
[Date "2021.05.04"]
[Round "10"]
[White "De Leon, Patricia O"]
[Black "Haessel, Dale R"]
[Result "0-1"]
[WhiteElo "2004"]
[BlackElo "2133"]
[PlyCount "34"]
[EventDate "2021.05.04"]
[EventType "swiss (blitz)"]
[EventRounds "11"]
[EventCountry "USA"]
[SourceTitle "CBM 202 Extra"]
[Source "ChessBase"]
[SourceDate "2021.07.31"]
[SourceVersion "1"]
[SourceVersionDate "2021.07.31"]
[SourceQuality "1"]

1. d4 Nf6 2. c4 g6 3. Nc3 d5 4. Bf4 Bg7 5. Rc1 Nh5 6. Be5 Bxe5 7. dxe5 d4 8. Ne4 c5 9. Nxc5 Qa5+ 10. Qd2 Qxc5 11. Nf3 Nc6 12. g4 Bxg4 13. h3 Bxf3 14. exf3 Nxe5 15. Bg2 Nf4 16. 0-0 Ned3 17. Rc2 Qg5 0-1

[Event "Titled Tuesday intern op 04th May"]
[Site "Chess.com INT"]
[Date "2021.05.04"]
[Round "3"]
[White "Haessel, Dale R"]
[Black "Gerola, Fausto"]
[Result "0-1"]
[WhiteElo "2133"]
[BlackElo "2141"]
[PlyCount "76"]
[EventDate "2021.05.04"]
[EventType "swiss (blitz)"]
[EventRounds "11"]
[EventCountry "USA"]
[SourceTitle "CBM 202 Extra"]
[Source "ChessBase"]
[SourceDate "2021.07.31"]
[SourceVersion "1"]
[SourceVersionDate "2021.07.31"]
[SourceQuality "1"]

1. d4 f5 2. g3 Nf6 3. Bg2 g6 4. c4 Bg7 5. Nc3 0-0 6. Nf3 d6 7. 0-0 Nc6 8. d5 Ne5 9. Nxe5 dxe5 10. c5 e4 11. Qb3 Kh8 12. Rd1 e6 13. Bf4 exd5 14. Nxd5 Nxd5 15. Rxd5 Qe7 16. Qe3 Be6 17. Rd2 Rad8 18. Bg5 Bf6 19. Rxd8 Rxd8 20. Qc3 Bxc3 21. Bxe7 Rd7 22. bxc3 Rxe7 23. e3 Rd7 24. Bf1 Rd2 25. a4 Rc2 26. Rb1 b6 27. cxb6 cxb6 28. a5 Ba2 29. Rb4 bxa5 30. Rb8+ Kg7 31. Rb7+ Kh6 32. Rxa7 Rc1 33. Kg2 Rxc3 34. Rxa5 Bb3 35. Ra7 Bd1 36. h4 Bf3+ 37. Kh2 Rc2 38. Bb5 Rxf2+ 0-1

[Event "Titled Tuesday intern op 04th May"]
[Site "Chess.com INT"]
[Date "2021.05.04"]
[Round "8"]
[White "Nadeev, Sergey Vladimirovic"]
[Black "Haessel, Dale R"]
[Result "1-0"]
[WhiteElo "2274"]
[BlackElo "2133"]
[PlyCount "59"]
[EventDate "2021.05.04"]
[EventType "swiss (blitz)"]
[EventRounds "11"]
[EventCountry "USA"]
[SourceTitle "CBM 202 Extra"]
[Source "ChessBase"]
[SourceDate "2021.07.31"]
[SourceVersion "1"]
[SourceVersionDate "2021.07.31"]
[SourceQuality "1"]

1. d4 Nf6 2. Bf4 d5 3. e3 e6 4. Nf3 Bd6 5. Ne5 0-0 6. c4 c5 7. Nc3 cxd4 8. Qxd4 Nc6 9. Nxc6 bxc6 10. c5 Bxf4 11. exf4 a5 12. Bd3 Ba6 13. 0-0 Qc7 14. Bxa6 Rxa6 15. Na4 Ne4 16. f3 Nf6 17. b3 Rb8 18. Qe5 Qd8 19. Rfd1 Rb4 20. g3 Rb5 21. Rac1 Ra7 22. Qd6 Qxd6 23. cxd6 Ne8 24. Rxc6 Rd7 25. Rc8 Kf8 26. Ra8 Rxd6 27. Rc1 Ke7 28. Rcc8 Nf6 29. Nc5 Nd7 30. Re8+ 1-0